Pokemon Evolutions by Trading - Statistics

General Stats
  • This quiz has been taken 1,070 times
  • The average score is 19 of 22
Answer Stats
Pre Evolution Post Evolution % Correct
Kadabra Alakazam
99%
Haunter Gengar
99%
Machoke Machamp
99%
Graveler Golem
98%
Onix with Metal Coat Steelix
96%
Slowpoke with King's Rock Slowking
94%
Porygon with Up-Grade Porygon 2
92%
Porygon 2 with Dubious Disk Porygon Z
92%
Seadra with Dragon Scale Kingdra
91%
Scyther with Metal Coat Scizor
90%
Magmar with Magmarizer Magmortar
87%
Rhydon with Protector Rhyperior
87%
Feebas with Prism Scale Milotic
86%
Dusclops with Reaper Cloth Dusknoir
83%
Electabuzz with Electirizer Electivire
81%
Poliwhirl with King's Rock Politoed
81%
Gurdurr Conkeldurr
76%
Boldore Gigalith
76%
Clamperl with DeepSeaTooth Huntail
75%
Clamperl with DeepSeaScale Gorebyss
71%
Shelmet for Karrablast Accelgor
67%
Karrablast for Shelmet Escavalier
65%
No matching quizzes found
Score Distribution
Percent of People with Each Score
Percentile by Number Answered
Your Score History
You have not taken this quiz